I Believe To My Soul - Ray Charles - All Lyrics - Statistics

General Stats
  • This quiz has been taken 15 times
  • The average score is 144 of 178
Answer Stats
Answer % Correct
be
100%
believe
100%
believe,
100%
believe)
100%
I
100%
(I
100%
it
100%
it,
100%
it)
100%
a
89%
and
89%
days
89%
for
89%
gonna
89%
I'll
89%
my
89%
of
89%
"Oh,
89%
One
89%
these
89%
Whoa-oh,
89%
you
89%
your
89%
know
78%
look
78%
me
78%
now
78%
so
78%
soul
78%
to
78%
When
78%
won't
78%
yes,
78%
You’re
78%
you're
78%
going
67%
gone
67%
I'm
67%
Johnny!"
67%
long
67%
name
67%
right
67%
say
67%
is
56%
night
56%
Ray
56%
That's
56%
think
56%
were
56%
why
56%
'Cause
44%
dreaming,
44%
fool
44%
hard
44%
have
44%
head
44%
heard
44%
here
44%
Last
44%
make
44%
rod
44%
trying
44%
use
44%
with
44%
Well,
33%
around
11%
No matching quizzes found
Score Distribution
Percent of People with Each Score
Percentile by Number Answered
Your Score History
You have not taken this quiz